[Event "WYCC Girls U16"]
[Site "Porto Carras"]
[Date "2015.10.31"]
[Round "6.2"]
[White "Zhou, Qiyu"]
[Black "Di Benedetto, Desiree"]
[Result "1-0"]
[BlackElo "2083"]
[WhiteElo "2328"]
[LiveChessVersion "1.4.6"]

1. e4 {[%clk 1:30:58]} e6 {[%clk 1:30:53]} 2. d4 {[%clk 1:31:25]} d5
{[%clk 1:31:23]} 3. Nc3 {[%clk 1:31:51]} Nf6 {[%clk 1:31:52]} 4. Bg5
{[%clk 1:32:16]} dxe4 {[%clk 1:32:20]} 5. Nxe4 Nbd7 {[%clk 1:33:19]} 6. Nf3
{[%clk 1:32:49]} h6 7. Nxf6+ {[%clk 1:32:04]} Nxf6 {[%clk 1:33:44]} 8. Bh4
{[%clk 1:31:29]} b6 {[%clk 1:33:04]} 9. c3 {[%clk 1:25:36]} Be7 {[%clk 1:33:05]}
10. Bd3 {[%clk 1:21:33]} Bb7 {[%clk 1:31:39]} 11. O-O {[%clk 1:16:03]} O-O
{[%clk 1:29:29]} 12. Qe2 {[%clk 1:12:24]} Qd5 {[%clk 1:26:43]} 13. Bg3
{[%clk 1:04:42]} c5 {[%clk 1:17:12]} 14. dxc5 {[%clk 0:56:20]} Qxc5
{[%clk 1:08:51]} 15. Rfe1 {[%clk 0:47:38]} Bd6 {[%clk 0:59:01]} 16. Bxd6
{[%clk 0:36:41]} Qxd6 {[%clk 0:59:21]} 17. Rad1 {[%clk 0:37:00]} Qc7
{[%clk 0:51:36]} 18. Ne5 {[%clk 0:30:49]} Rad8 {[%clk 0:47:39]} 19. Rd2
{[%clk 0:21:38]} Nd7 {[%clk 0:42:06]} 20. Nxd7 {[%clk 0:16:34]} Rxd7
{[%clk 0:42:18]} 21. Red1 {[%clk 0:13:53]} Rfd8 {[%clk 0:40:06]} 22. Bb5
{[%clk 0:09:46]} Rxd2 {[%clk 0:39:42]} 23. Rxd2 {[%clk 0:10:09]} Rxd2
{[%clk 0:37:13]} 24. Qxd2 {[%clk 0:10:34]} Bc6 {[%clk 0:36:50]} 25. Bxc6
{[%clk 0:08:54]} Qxc6 {[%clk 0:37:19]} 26. h3 {[%clk 0:07:39]} f6
{[%clk 0:36:04]} 27. Qd8+ {[%clk 0:06:46]} Kf7 {[%clk 0:36:23]} 28. Qd3
{[%clk 0:06:30]} Ke7 {[%clk 0:35:26]} 29. b3 {[%clk 0:05:43]} Qd6
{[%clk 0:29:19]} 30. Qa6 {[%clk 0:03:57]} Qd1+ {[%clk 0:29:37]} 31. Kh2
{[%clk 0:04:16]} Qd6+ {[%clk 0:29:36]} 32. g3 {[%clk 0:03:21]} Qd7
{[%clk 0:28:48]} 33. a4 {[%clk 0:03:33]} f5 {[%clk 0:23:04]} 34. Qc4
{[%clk 0:02:51]} g5 {[%clk 0:20:55]} 35. a5 {[%clk 0:02:36]} Qd2 {[%clk 0:17:13]}
36. Kg2 {[%clk 0:02:20]} Qd6 {[%clk 0:11:48]} 37. axb6 {[%clk 0:02:38]} axb6
{[%clk 0:12:12]} 38. Qb5 {[%clk 0:01:33]} e5 {[%clk 0:08:07]} 39. b4
{[%clk 0:01:34]} f4 {[%clk 0:07:19]} 40. Qc4 {[%clk 0:31:02]} fxg3
{[%clk 0:33:28]} 41. Kxg3 {[%clk 0:26:58]} e4+ {[%clk 0:24:33]} 42. Kg2
{[%clk 0:24:43]} Qf4 {[%clk 0:18:25]} 43. Qe2 {[%clk 0:23:51]} Kd6
{[%clk 0:17:52]} 44. c4 {[%clk 0:21:53]} Kc6 {[%clk 0:16:34]} 45. Qh5
{[%clk 0:19:50]} Qf8 {[%clk 0:11:43]} 46. Qg6+ {[%clk 0:17:26]} Kc7
{[%clk 0:10:31]} 47. Qxe4 {[%clk 0:10:13]} Qxb4 {[%clk 0:09:01]} 48. Qh7+
{[%clk 0:09:50]} Kd8 {[%clk 0:07:40]} 49. Qxh6 {[%clk 0:09:45]} Qc5
{[%clk 0:07:24]} 50. Qe6 {[%clk 0:09:00]} b5 {[%clk 0:06:09]} 51. cxb5
{[%clk 0:08:59]} Qxb5 {[%clk 0:06:37]} 52. Qf6+ {[%clk 0:07:10]} Ke8
{[%clk 0:06:52]} 53. Kg3 {[%clk 0:07:09]} Qd5 {[%clk 0:06:27]} 54. f3
{[%clk 0:05:49]} Qc5 {[%clk 0:06:19]} 55. Kg4 {[%clk 0:05:15]} Qg1+
{[%clk 0:06:31]} 56. Kh5 {[%clk 0:04:48]} Qg3 {[%clk 0:04:33]} 57. Qf5
{[%clk 0:04:40]} Qh4+ {[%clk 0:03:28]} 58. Kg6 {[%clk 0:05:05]} Qg3
{[%clk 0:02:59]} 59. Qb5+ {[%clk 0:03:07]} Kf8 {[%clk 0:02:09]} 60. Qb4+
{[%clk 0:02:43]} Ke8 {[%clk 0:02:13]} 61. Qg4 {[%clk 0:02:17]} Qd6+
{[%clk 0:02:15]} 62. Kxg5 {[%clk 0:01:36]} Kf7 {[%clk 0:02:37]} 63. Qf5+
{[%clk 0:01:36]} Kg7 {[%clk 0:02:59]} 64. h4 {[%clk 0:01:30]} Qd2+
{[%clk 0:03:10]} 65. Kh5 {[%clk 0:01:46]} Qg2 {[%clk 0:03:17]} 66. Qg5+
{[%clk 0:02:07]} 1-0

[Event "WYCC Girls U16"]
[Site "Porto Carras"]
[Date "2015.10.31"]
[Round "6.3"]
[White "Tsolakidou, Stavroula"]
[Black "Sieber, Fiona"]
[Result "0-1"]
[BlackElo "2180"]
[WhiteElo "2279"]
[LiveChessVersion "1.4.6"]

1. e4 {[%clk 1:30:57]} c5 {[%clk 1:30:56]} 2. Nf3 {[%clk 1:31:23]} d6
{[%clk 1:31:23]} 3. d4 {[%clk 1:31:47]} cxd4 {[%clk 1:31:48]} 4. Nxd4
{[%clk 1:32:12]} Nf6 {[%clk 1:32:13]} 5. Nc3 {[%clk 1:32:36]} Nc6
{[%clk 1:32:38]} 6. Bg5 {[%clk 1:32:56]} e6 {[%clk 1:33:00]} 7. Qd2
{[%clk 1:33:12]} a6 {[%clk 1:33:25]} 8. Nxc6 {[%clk 1:33:33]} bxc6
{[%clk 1:33:49]} 9. O-O-O {[%clk 1:33:52]} h6 {[%clk 1:21:30]} 10. Bf4
{[%clk 1:33:54]} d5 {[%clk 1:13:26]} 11. Qe3 {[%clk 1:33:43]} Be7
{[%clk 1:10:43]} 12. Be2 {[%clk 1:33:08]} Nd7 {[%clk 1:05:12]} 13. Qg3
{[%clk 0:58:41]} Bg5 {[%clk 1:04:39]} 14. Bxg5 {[%clk 0:56:07]} Qxg5+
{[%clk 1:04:51]} 15. Qxg5 {[%clk 0:55:50]} hxg5 {[%clk 1:05:19]} 16. h4
{[%clk 0:42:45]} gxh4 {[%clk 1:01:45]} 17. Rh3 {[%clk 0:41:26]} Nc5
{[%clk 0:57:05]} 18. Re3 {[%clk 0:32:02]} Kf8 {[%clk 0:45:17]} 19. b4
{[%clk 0:29:16]} Nd7 {[%clk 0:44:37]} 20. Na4 {[%clk 0:26:33]} Bb7
{[%clk 0:37:44]} 21. c4 {[%clk 0:22:36]} a5 {[%clk 0:35:05]} 22. b5
{[%clk 0:17:13]} cxb5 {[%clk 0:35:13]} 23. cxb5 {[%clk 0:17:30]} g5
{[%clk 0:28:02]} 24. Rc3 Ke7 {[%clk 0:27:32]} 25. Kb2 {[%clk 0:04:06]} Rac8
{[%clk 0:27:02]} 26. Rdc1 {[%clk 0:02:16]} Rxc3 {[%clk 0:23:03]} 27. Rxc3
{[%clk 0:02:41]} Kd6 {[%clk 0:22:26]} 28. exd5 {[%clk 0:01:03]} Bxd5
{[%clk 0:22:45]} 29. Bf3 {[%clk 0:00:59]} Bxf3 {[%clk 0:22:23]} 30. Rxf3
{[%clk 0:01:24]} Ne5 {[%clk 0:22:22]} 31. Rc3 {[%clk 0:01:38]} g4
{[%clk 0:19:09]} 32. Nc5 {[%clk 0:00:44]} h3 {[%clk 0:18:59]} 33. gxh3 gxh3
{[%clk 0:19:16]} 34. Ne4+ {[%clk 0:00:50]} Kd5 {[%clk 0:13:57]} 35. Ng3
{[%clk 0:01:01]} h2 {[%clk 0:13:00]} 36. Nh1 {[%clk 0:00:50]} Rg8
{[%clk 0:11:28]} 37. Rh3 {[%clk 0:00:55]} Rg2 {[%clk 0:11:52]} 38. Kc3
{[%clk 0:00:39]} Ng4 {[%clk 0:11:13]} 39. f3 {[%clk 0:00:33]} Nf2
{[%clk 0:11:04]} 40. Rh5+ {[%clk 0:30:33]} f5 {[%clk 0:40:44]} 41. Nxf2
{[%clk 0:23:39]} Rxf2 {[%clk 0:41:08]} 42. Kb3 {[%clk 0:18:36]} Kc5
{[%clk 0:38:26]} 43. b6 {[%clk 0:12:18]} Kxb6 {[%clk 0:38:01]} 44. Rh6
{[%clk 0:12:02]} Kc5 {[%clk 0:37:46]} 45. f4 {[%clk 0:12:15]} Kd4
{[%clk 0:35:58]} 46. a3 {[%clk 0:11:50]} Kc5 {[%clk 0:34:38]} 47. Ka4
{[%clk 0:10:59]} Rxf4+ {[%clk 0:34:59]} 48. Kxa5 {[%clk 0:11:21]} Rf2
{[%clk 0:35:23]} 49. a4 {[%clk 0:11:29]} Ra2 {[%clk 0:35:36]} 50. Rh4
{[%clk 0:11:27]} e5 {[%clk 0:34:57]} 51. Rh5 {[%clk 0:11:43]} Kd4
{[%clk 0:34:27]} 52. Kb5 {[%clk 0:11:08]} f4 {[%clk 0:34:28]} 53. a5
{[%clk 0:11:05]} f3 {[%clk 0:34:50]} 54. a6 {[%clk 0:10:58]} f2 {[%clk 0:35:05]}
0-1

[Event "WYCC Girls U16"]
[Site "Porto Carras"]
[Date "2015.10.31"]
[Round "6.4"]
[White "Pychova, Nela"]
[Black "Avramidou, Anastasia"]
[Result "0-1"]
[BlackElo "2249"]
[WhiteElo "2137"]
[LiveChessVersion "1.4.6"]

1. c4 {[%clk 1:30:57]} e5 {[%clk 1:30:53]} 2. Nc3 {[%clk 1:31:15]} Nf6
{[%clk 1:31:09]} 3. g3 {[%clk 1:31:34]} g6 {[%clk 1:31:14]} 4. Bg2
{[%clk 1:31:50]} Bg7 {[%clk 1:31:37]} 5. Nf3 {[%clk 1:31:49]} Nc6
{[%clk 1:31:43]} 6. O-O {[%clk 1:27:24]} O-O {[%clk 1:30:14]} 7. d3
{[%clk 1:25:49]} d6 {[%clk 1:29:58]} 8. Rb1 {[%clk 1:25:09]} a5 {[%clk 1:30:21]}
9. a3 {[%clk 1:23:25]} Bf5 {[%clk 1:26:52]} 10. Bg5 {[%clk 1:11:28]} Qd7
{[%clk 1:23:44]} 11. Bxf6 {[%clk 1:03:42]} Bxf6 {[%clk 1:23:35]} 12. b4
{[%clk 1:03:34]} axb4 {[%clk 1:23:27]} 13. axb4 {[%clk 1:03:54]} Bg7
{[%clk 1:11:53]} 14. Nd2 {[%clk 0:54:09]} Bh3 {[%clk 1:08:38]} 15. b5
{[%clk 0:48:11]} Bxg2 {[%clk 1:05:01]} 16. Kxg2 {[%clk 0:48:31]} Nd4
{[%clk 1:04:48]} 17. Nf3 {[%clk 0:41:31]} Ne6 {[%clk 1:00:57]} 18. Qc2
{[%clk 0:38:24]} f5 {[%clk 0:57:09]} 19. Nd5 {[%clk 0:31:12]} Qd8
{[%clk 0:48:59]} 20. e3 {[%clk 0:22:42]} c6 {[%clk 0:40:08]} 21. Nc3
{[%clk 0:15:54]} Qd7 {[%clk 0:37:25]} 22. h4 {[%clk 0:12:14]} Ra3
{[%clk 0:30:08]} 23. Rb3 {[%clk 0:08:59]} Rxb3 {[%clk 0:21:02]} 24. Qxb3
{[%clk 0:09:26]} Nc5 {[%clk 0:20:32]} 25. Qc2 {[%clk 0:09:06]} e4
{[%clk 0:15:09]} 26. dxe4 {[%clk 0:05:42]} Bxc3 {[%clk 0:14:42]} 27. Qxc3
{[%clk 0:05:55]} fxe4 {[%clk 0:15:03]} 28. Nd4 {[%clk 0:04:58]} Nd3
{[%clk 0:11:31]} 29. bxc6 {[%clk 0:03:48]} bxc6 {[%clk 0:11:30]} 30. Qa5
{[%clk 0:01:05]} c5 {[%clk 0:09:41]} 31. Ne2 {[%clk 0:00:37]} Qf7
{[%clk 0:05:48]} 32. Nf4 {[%clk 0:00:34]} Qxc4 {[%clk 0:04:55]} 33. Qc7
{[%clk 0:00:35]} Nxf4+ {[%clk 0:04:18]} 34. exf4 {[%clk 0:00:42]} Qd5
{[%clk 0:03:16]} 35. Kg1 {[%clk 0:00:37]} Rf7 {[%clk 0:01:36]} 36. Qd8+
{[%clk 0:00:39]} Kg7 {[%clk 0:01:17]} 37. Rb1 {[%clk 0:00:41]} e3
{[%clk 0:01:16]} 38. fxe3 {[%clk 0:00:36]} Qf3 {[%clk 0:01:06]} 39. Qxd6
{[%clk 0:30:34]} Qxg3+ {[%clk 0:30:58]} 40. Kh1 {[%clk 0:30:35]} Qh3+
{[%clk 0:31:09]} 41. Kg1 {[%clk 0:30:40]} Qxe3+ {[%clk 0:31:26]} 42. Kh2
{[%clk 0:30:30]} Qxf4+ {[%clk 0:31:34]} 43. Qxf4 {[%clk 0:30:47]} Rxf4
{[%clk 0:32:03]} 44. Kg3 {[%clk 0:30:43]} Rf7 {[%clk 0:31:58]} 45. Rc1
{[%clk 0:30:26]} Rc7 {[%clk 0:30:40]} 46. Rc4 {[%clk 0:30:47]} Kf6
{[%clk 0:30:47]} 47. Kf4 {[%clk 0:31:07]} h6 {[%clk 0:30:52]} 48. Ke4
{[%clk 0:29:00]} Ke6 {[%clk 0:30:53]} 49. h5 {[%clk 0:23:54]} gxh5
{[%clk 0:29:26]} 50. Kd3 {[%clk 0:22:47]} Kf5 {[%clk 0:29:24]} 51. Rh4
{[%clk 0:21:51]} c4+ {[%clk 0:28:26]} 52. Kc3 {[%clk 0:21:58]} Kg5
{[%clk 0:28:49]} 53. Rd4 {[%clk 0:20:08]} h4 {[%clk 0:29:03]} 54. Rd5+
{[%clk 0:20:11]} Kg4 {[%clk 0:28:37]} 55. Rd6 {[%clk 0:20:11]} h5
{[%clk 0:28:39]} 56. Rg6+ {[%clk 0:19:56]} Kf5 {[%clk 0:28:06]} 57. Rg8
{[%clk 0:19:46]} h3 {[%clk 0:28:17]} 58. Rg3 {[%clk 0:19:38]} h4 {[%clk 0:27:55]}
59. Rxh3 {[%clk 0:20:00]} Kg4 {[%clk 0:28:10]} 60. Rh1 {[%clk 0:19:52]} h3
{[%clk 0:28:26]} 61. Rg1+ {[%clk 0:19:23]} Kf3 {[%clk 0:28:32]} 62. Rg8
{[%clk 0:19:23]} Rh7 {[%clk 0:27:40]} 63. Rf8+ {[%clk 0:19:28]} Kg4
{[%clk 0:27:29]} 64. Rg8+ {[%clk 0:19:42]} Kf5 {[%clk 0:27:27]} 65. Rf8+
{[%clk 0:19:40]} Kg6 {[%clk 0:27:07]} 66. Rg8+ {[%clk 0:19:53]} Kf7
{[%clk 0:27:19]} 67. Rg1 {[%clk 0:20:06]} h2 {[%clk 0:27:44]} 68. Rh1
{[%clk 0:20:26]} Rh4 {[%clk 0:27:16]} 0-1

[Event "WYCC Girls U16"]
[Site "Porto Carras"]
[Date "2015.10.31"]
[Round "6.5"]
[White "Bykovtsev, Agata"]
[Black "Narva, Mai"]
[Result "0-1"]
[BlackElo "2203"]
[WhiteElo "2117"]
[LiveChessVersion "1.4.6"]

1. e4 {[%clk 1:30:57]} c5 {[%clk 1:30:52]} 2. Nf3 {[%clk 1:31:23]} Nc6
{[%clk 1:31:13]} 3. Bb5 {[%clk 1:31:41]} d6 {[%clk 1:29:22]} 4. O-O
{[%clk 1:31:06]} Bd7 {[%clk 1:29:25]} 5. Re1 {[%clk 1:31:32]} a6 {[%clk 1:28:26]}
6. Bf1 {[%clk 1:31:59]} Nf6 {[%clk 1:22:07]} 7. c3 {[%clk 1:32:23]} e6
{[%clk 1:20:19]} 8. d4 {[%clk 1:30:34]} cxd4 {[%clk 1:19:49]} 9. cxd4
{[%clk 1:30:29]} Be7 {[%clk 1:19:48]} 10. Nc3 {[%clk 1:21:22]} O-O
{[%clk 1:17:45]} 11. b3 {[%clk 1:17:28]} Qa5 {[%clk 1:16:43]} 12. Bb2
{[%clk 1:16:09]} Rac8 {[%clk 1:15:15]} 13. a3 {[%clk 1:12:59]} Rfd8
{[%clk 1:14:33]} 14. b4 {[%clk 1:11:43]} Qh5 {[%clk 1:12:11]} 15. Be2
{[%clk 0:56:52]} Qg6 {[%clk 1:07:47]} 16. Nh4 {[%clk 0:45:53]} Qh6
{[%clk 1:07:21]} 17. g3 {[%clk 0:44:32]} Ne8 {[%clk 1:05:55]} 18. Ng2
{[%clk 0:43:08]} Bf6 {[%clk 0:54:52]} 19. Nb1 {[%clk 0:34:27]} g6
{[%clk 0:52:16]} 20. f4 {[%clk 0:33:14]} Nc7 {[%clk 0:43:11]} 21. Qd3
{[%clk 0:28:25]} Nb5 {[%clk 0:37:55]} 22. e5 {[%clk 0:27:41]} dxe5
{[%clk 0:36:58]} 23. fxe5 {[%clk 0:27:41]} Bg5 {[%clk 0:35:46]} 24. h4
{[%clk 0:15:07]} Be7 {[%clk 0:30:58]} 25. Qe4 {[%clk 0:13:42]} f5
{[%clk 0:26:29]} 26. exf6 {[%clk 0:10:39]} Bxf6 {[%clk 0:26:35]} 27. Bxb5
{[%clk 0:09:12]} axb5 {[%clk 0:26:44]} 28. Nf4 {[%clk 0:07:57]} Qg7
{[%clk 0:24:09]} 29. Ne2 {[%clk 0:06:06]} Nxd4 {[%clk 0:17:48]} 30. Bxd4
{[%clk 0:04:02]} Rc4 {[%clk 0:17:45]} 31. Rd1 {[%clk 0:02:55]} Bc8
{[%clk 0:17:20]} 32. Kg2 {[%clk 0:01:07]} e5 {[%clk 0:09:46]} 33. Nd2
{[%clk 0:01:18]} Bf5 {[%clk 0:09:51]} 34. Qf3 {[%clk 0:01:22]} exd4
{[%clk 0:09:09]} 35. Nxc4 {[%clk 0:01:50]} bxc4 {[%clk 0:09:29]} 36. Rac1
{[%clk 0:01:45]} Qe7 {[%clk 0:07:12]} 37. Kh2 {[%clk 0:01:22]} b5
{[%clk 0:06:01]} 38. Nf4 {[%clk 0:01:08]} Qd7 {[%clk 0:05:50]} 39. Qf2
{[%clk 0:01:05]} d3 {[%clk 0:05:30]} 40. Rf1 {[%clk 0:30:38]} d2 {[%clk 0:34:06]}
41. Rcd1 {[%clk 0:27:56]} c3 {[%clk 0:32:50]} 42. Qb6 {[%clk 0:22:25]} Kg7
{[%clk 0:30:32]} 43. h5 {[%clk 0:12:50]} c2 {[%clk 0:29:56]} 44. h6+
{[%clk 0:12:44]} Kf7 {[%clk 0:29:50]} 45. Ng2 {[%clk 0:11:13]} cxd1=Q
{[%clk 0:29:42]} 46. Rxd1 {[%clk 0:11:42]} Bg4 {[%clk 0:26:41]} 47. Rf1
{[%clk 0:11:47]} Qd6 {[%clk 0:25:52]} 0-1

[Event "WYCC Girls U16"]
[Site "Porto Carras"]
[Date "2015.10.31"]
[Round "6.6"]
[White "Gazikova, Veronika"]
[Black "Rogozenco, Teodora"]
[Result "1-0"]
[BlackElo "2110"]
[WhiteElo "2190"]
[LiveChessVersion "1.4.6"]

1. d4 {[%clk 1:30:56]} f5 {[%clk 1:22:59]} 2. c4 {[%clk 1:30:55]} Nf6
{[%clk 1:23:19]} 3. Nc3 {[%clk 1:30:18]} g6 {[%clk 1:23:36]} 4. Nf3
{[%clk 1:29:06]} Bg7 {[%clk 1:23:58]} 5. Bf4 {[%clk 1:27:39]} d6 {[%clk 1:24:08]}
6. Qc2 {[%clk 1:21:10]} O-O {[%clk 1:20:28]} 7. h3 {[%clk 1:10:19]} Nh5
{[%clk 0:54:34]} 8. Bh2 {[%clk 1:09:58]} f4 {[%clk 0:53:29]} 9. e3
{[%clk 1:01:00]} e5 {[%clk 0:34:34]} 10. O-O-O {[%clk 0:57:26]} fxe3
{[%clk 0:32:24]} 11. fxe3 {[%clk 0:57:51]} Bh6 {[%clk 0:32:28]} 12. dxe5
{[%clk 0:55:21]} Nc6 {[%clk 0:31:21]} 13. Nd5 {[%clk 0:51:14]} dxe5
{[%clk 0:26:07]} 14. Nxe5 {[%clk 0:45:34]} Nxe5 {[%clk 0:23:46]} 15. Bxe5
{[%clk 0:44:43]} Qe8 {[%clk 0:23:33]} 16. Qc3 {[%clk 0:36:39]} Rf2
{[%clk 0:21:39]} 17. g4 {[%clk 0:32:45]} Qa4 {[%clk 0:10:34]} 18. gxh5
{[%clk 0:24:53]} c6 {[%clk 0:09:40]} 19. Nf4 {[%clk 0:19:42]} Bf5
{[%clk 0:09:37]} 20. Bd3 {[%clk 0:19:38]} Qxa2 {[%clk 0:09:22]} 21. Bxf5
{[%clk 0:17:27]} gxf5 {[%clk 0:09:33]} 22. Rhg1+ {[%clk 0:17:42]} Kf7
{[%clk 0:09:53]} 23. Qd3 {[%clk 0:16:55]} Rd8 {[%clk 0:09:32]} 24. Qxf5+
{[%clk 0:17:12]} 1-0

[Event "WYCC Girls U16"]
[Site "Porto Carras"]
[Date "2015.10.31"]
[Round "6.7"]
[White "Harshita, Guddanti"]
[Black "Olde, Margareth"]
[Result "1/2-1/2"]
[BlackElo "2019"]
[WhiteElo "2181"]
[LiveChessVersion "1.4.6"]

1. e4 {[%clk 1:30:52]} c5 {[%clk 1:30:55]} 2. Nf3 {[%clk 1:31:18]} Nc6
{[%clk 1:31:21]} 3. d4 {[%clk 1:31:43]} cxd4 {[%clk 1:31:21]} 4. Nxd4
{[%clk 1:31:43]} e6 {[%clk 1:32:09]} 5. Nc3 {[%clk 1:32:33]} Qc7 {[%clk 1:32:30]}
6. Be2 {[%clk 1:32:52]} a6 {[%clk 1:32:40]} 7. O-O {[%clk 1:32:54]} Nf6
{[%clk 1:32:42]} 8. Be3 {[%clk 1:33:18]} Bb4 {[%clk 1:32:50]} 9. Nxc6
{[%clk 1:32:04]} bxc6 {[%clk 1:33:04]} 10. f4 {[%clk 1:31:23]} O-O
{[%clk 1:25:55]} 11. e5 {[%clk 1:31:31]} Nd5 {[%clk 1:21:40]} 12. Nxd5
{[%clk 1:31:28]} cxd5 {[%clk 1:21:36]} 13. c3 {[%clk 1:31:17]} Be7
{[%clk 1:19:25]} 14. Rc1 {[%clk 1:30:43]} d6 {[%clk 1:17:12]} 15. exd6
{[%clk 1:18:31]} Bxd6 {[%clk 1:11:04]} 16. b4 {[%clk 1:15:19]} Bb7
{[%clk 1:08:27]} 17. Qd2 {[%clk 1:06:36]} Qe7 {[%clk 1:06:05]} 18. Bd3
{[%clk 0:54:54]} Rfe8 {[%clk 1:00:00]} 19. a3 {[%clk 0:50:23]} e5
{[%clk 0:55:59]} 20. fxe5 {[%clk 0:50:10]} Bxe5 {[%clk 0:53:14]} 21. Bf4
{[%clk 0:43:51]} Bxf4 {[%clk 0:51:08]} 22. Qxf4 {[%clk 0:42:42]} Qe3+
{[%clk 0:49:26]} 23. Qxe3 {[%clk 0:38:14]} Rxe3 {[%clk 0:49:51]} 24. Rfd1
{[%clk 0:37:32]} g6 {[%clk 0:46:16]} 25. Kf2 {[%clk 0:35:38]} Re7
{[%clk 0:45:36]} 26. Be2 {[%clk 0:32:12]} Rc8 {[%clk 0:35:59]} 27. Bf3
{[%clk 0:28:49]} Rec7 {[%clk 0:34:37]} 28. Rd3 {[%clk 0:27:50]} Bc6
{[%clk 0:30:26]} 29. Re3 {[%clk 0:26:09]} Kf8 {[%clk 0:28:34]} 30. Ke1
{[%clk 0:25:15]} Re7 {[%clk 0:26:43]} 31. Kd2 {[%clk 0:23:42]} Rxe3
{[%clk 0:24:10]} 32. Kxe3 {[%clk 0:23:14]} Ke7 {[%clk 0:23:42]} 33. Kd4
{[%clk 0:22:32]} Kd6 {[%clk 0:21:18]} 34. c4 {[%clk 0:21:00]} dxc4
{[%clk 0:21:04]} 35. Rxc4 {[%clk 0:21:24]} Bd7 {[%clk 0:20:55]} 36. Rxc8
{[%clk 0:19:35]} Bxc8 {[%clk 0:21:19]} 37. a4 {[%clk 0:15:58]} Bd7
{[%clk 0:15:25]} 38. Bb7 {[%clk 0:15:32]} Bxa4 {[%clk 0:15:41]} 39. Bxa6
{[%clk 0:15:56]} Bc6 {[%clk 0:15:53]} 40. g3 {[%clk 0:46:06]} f5 {[%clk 0:39:46]}
41. Bd3 {[%clk 0:32:02]} Bd7 {[%clk 0:37:32]} 42. b5 {[%clk 0:31:48]} Bc8
{[%clk 0:34:29]} 43. Bc4 {[%clk 0:31:26]} g5 {[%clk 0:31:48]} 44. Bd5
{[%clk 0:29:48]} f4 {[%clk 0:27:54]} 45. gxf4 {[%clk 0:26:29]} gxf4
{[%clk 0:28:18]} 46. b6 {[%clk 0:26:53]} Ba6 {[%clk 0:26:15]} 47. Bf3
{[%clk 0:23:39]} Bc8 {[%clk 0:22:06]} 48. h4 {[%clk 0:20:50]} Ba6
{[%clk 0:17:47]} 49. h5 {[%clk 0:20:14]} h6 {[%clk 0:16:22]} 50. Kc3
{[%clk 0:04:35]} Kc5 {[%clk 0:15:42]} 51. b7 {[%clk 0:04:14]} Bxb7
{[%clk 0:16:07]} 52. Bxb7 {[%clk 0:04:40]} Kd6 {[%clk 0:16:26]} 1/2-1/2

[Event "WYCC Girls U16"]
[Site "Porto Carras"]
[Date "2015.10.31"]
[Round "6.8"]
[White "Injac, Teodora"]
[Black "Afraoui, Anaelle"]
[Result "1-0"]
[BlackElo "2014"]
[WhiteElo "2121"]
[LiveChessVersion "1.4.6"]

1. d4 {[%clk 1:30:52]} Nf6 {[%clk 1:30:52]} 2. Nf3 {[%clk 1:31:18]} c5
{[%clk 1:29:56]} 3. d5 {[%clk 1:31:30]} d6 {[%clk 1:29:01]} 4. Nc3
{[%clk 1:31:25]} g6 {[%clk 1:23:19]} 5. e4 {[%clk 1:31:17]} Bg7 {[%clk 1:22:01]}
6. h3 {[%clk 1:30:03]} O-O {[%clk 1:19:06]} 7. a4 {[%clk 1:30:15]} e6
{[%clk 1:09:43]} 8. Be2 {[%clk 1:11:58]} exd5 {[%clk 1:09:42]} 9. exd5
{[%clk 1:12:00]} Na6 {[%clk 1:06:59]} 10. O-O {[%clk 1:12:05]} Nb4
{[%clk 1:04:30]} 11. Bf4 {[%clk 0:59:05]} Bf5 {[%clk 1:00:25]} 12. Ne1
{[%clk 0:53:21]} Qe7 {[%clk 0:53:54]} 13. Bf3 {[%clk 0:45:32]} Rfe8
{[%clk 0:47:39]} 14. Nb5 {[%clk 0:43:35]} Rad8 {[%clk 0:39:18]} 15. c3
{[%clk 0:43:12]} Na6 {[%clk 0:39:37]} 16. Nc2 {[%clk 0:37:02]} Be4
{[%clk 0:35:24]} 17. Re1 {[%clk 0:34:46]} Bxf3 {[%clk 0:35:01]} 18. Qxf3
{[%clk 0:34:03]} Qd7 {[%clk 0:34:49]} 19. Bg5 {[%clk 0:28:59]} Qf5
{[%clk 0:29:19]} 20. Qxf5 {[%clk 0:28:10]} gxf5 {[%clk 0:29:42]} 21. Ne3
{[%clk 0:22:34]} f4 {[%clk 0:24:47]} 22. Bxf4 {[%clk 0:18:26]} Re4
{[%clk 0:25:10]} 23. Bg5 {[%clk 0:15:02]} h6 {[%clk 0:23:21]} 24. Bxf6
{[%clk 0:15:17]} Bxf6 {[%clk 0:23:45]} 25. Nf5 {[%clk 0:15:15]} Rxe1+
{[%clk 0:24:06]} 26. Rxe1 {[%clk 0:15:44]} Bg5 {[%clk 0:24:15]} 27. h4
{[%clk 0:13:59]} Bf6 {[%clk 0:23:35]} 28. Nxh6+ {[%clk 0:11:21]} Kg7
{[%clk 0:23:57]} 29. Nf5+ {[%clk 0:11:30]} Kg6 {[%clk 0:24:22]} 30. Nbxd6
{[%clk 0:08:52]} Nc7 {[%clk 0:24:10]} 31. c4 {[%clk 0:08:25]} Bxb2
{[%clk 0:23:36]} 32. Nxb7 {[%clk 0:08:06]} Rb8 {[%clk 0:23:54]} 33. Ne7+
{[%clk 0:07:39]} Kf6 {[%clk 0:22:02]} 34. Nxc5 {[%clk 0:07:56]} Rd8
{[%clk 0:21:13]} 35. Nc6 {[%clk 0:07:48]} 1-0